000 00698nam a2200229 a 4500
001 BRCA_4790
005 20190320204816.0
008 111010c1947----fr-#######---#000-0#fre-#
041 _afre
044 _afr
050 4 _aPQ2627
_b.N64 1947
100 1 _aNoël, Georges
_912125
245 1 0 _aLa peinture italienne
_cGeorges Noel.
260 _aFrancia
_bBraun & Cie
_c1947
300 _a1 v. (sin paginación)
_bil. , 12 láminas a color
_c37 cm.
440 0 _aGalerie des maitres
_912126
500 _aIncluye 4 láminas sueltas
600 1 4 _aNoël, Georges
_d1921-1943
_912127
650 1 4 _aPintura italiana
_vCatálogos
_95084
651 4 _aFrancia
_vExposiciones
_xArte
_912128
942 _2lcc
_cB
999 _c4487
_d4487